Detalles MARC
| 000 -ENCABEZADO |
| Número de control [NR] |
02095nam a2200289Ia 4500 |
| 008 - DE LONGITUD FIJA DE DATOS DE ELEMENTOS - INFORMACIÓN GENERAL |
| Elementos de longitud fija [NR] |
130821s xx a grdd spa |
| 040 ## - FUENTE DE CATALOGACION [NR] |
| Agencia de catalogación original [NR] |
Co-BoUCM |
| Idioma de catalogación [NR] |
spa |
| 041 0# - CODIGO DE IDIOMA [R] |
| Código de idioma para texto/pista de sonido o título separado [R] |
Latín |
| 092 ## - SIGNATURA TOPOGRAFICA LOCAL |
| Número de clasificación local |
E16N061 |
| 100 1# - ASIENTO PRINCIPAL--NOMBRE PERSONAL [NR] |
| Nombre personal [NR] |
Brisson, Barnabé |
| Fechas asociadas con el nombre [NR] |
1531-1591 |
| 242 00 - TRADUCCION DEL TITULO POR LA AGENCIA CATALOGADORA [R] |
| Título [NR] |
Significado, en 19 libros, de las palabras relacionadas con el derecho civil. Editados a partir de los compendios de Johannes Otto Tabor y completados con nuevas entradas |
| Mención de responsabilidad, etc. [NR] |
por Jaohannes Christian Itter |
| Código de idioma del título traducido [NR] |
spa |
| 245 10 - MENCION DE TITULO [NR] |
| Título [NR] |
De verborum quae ad ius civile pertinente significatione libri XIX ex analectis Jo. Ottonis Taboris ... editi plurimisque novis accessionibus locupletati a Jo. Christiano Ittero ... |
| Mención de responsabilidad, etc. [NR] |
Barnabas Brisonius |
| 246 13 - FORMA VARIANTE DEL TITULO [R] |
| Título propiamente dicho/forma breve del título [NR] |
[Significado, en 19 libros, de las palabras relacionadas con el derecho civil. Editados a partir de los compendios de Johannes Otto Tabor y completados con nuevas entradas por Jaohannes Christian Itter] |
| 260 ## - PUBLICACION, DISTRIBUCION, ETC. (PIE DE IMPRENTA) [R] |
| Lugar de publicación, distribución, etc. [R] |
[Lugar desconocido] |
| Nombre del editor, distribuidor, etc. [R] |
[Editorial desconocida] |
| Fecha de publicación, distribución, etc. [R] |
[fecha desconocida] |
| 300 ## - DESCRIPCION FISICA [R] |
| Extensión [R] |
531 folios |
| Otros detalles físicos [NR] |
ilustraciones |
| 500 ## - NOTA GENERAL [R] |
| Nota general [NR] |
Detalles físicos: Sin encuadernación original, actualmente, encuadernación rígida en cartón forrado en papel jaspeado, con piel el lomo y en las esquinas, marcado con dorado en el lomo. Ejemplar mútilo, faltantes de sus primeras hojas incluida |
| 500 ## - NOTA GENERAL [R] |
| Nota general [NR] |
Título confirmado con el inventario de 1800. |
| 504 ## - NOTA DE BIBLIOGRAFIA, ETC. [R] |
| Nota de bibliografía, etc. [NR] |
|
| 506 ## - NOTA DE RESTRICCIONES DE ACCESO [R] |
| Condiciones de acceso [NR] |
Consulta en sala. |
| 520 ## - NOTA DE RESUMEN, ETC. [R] |
| Nota de sumario, etc. [NR] |
V.1: Vocabulario alfabético de términos (palabras y expresiones) jurídicas, utilizadas principalmente en el Derecho Civil. Es también un "diccionario de autoridades", pues respalda con referencias de juristas famosos y sus obras, el uso y sign |
| 650 ## - ASIENTO SECUNDARIO DE MATERIA - TERMINO TEMATICO [R] |
| Término temático o nombre geográfico como elemento de entrada [NR] |
Derecho canónico |
| Subdivisión de forma [R] |
Diccionarios y enciclopedias |
| Subdivisión general [R] |
Obras anteriores a 1800 |
| 9 (RLIN) |
12710 |
| 650 ## - ASIENTO SECUNDARIO DE MATERIA - TERMINO TEMATICO [R] |
| Término temático o nombre geográfico como elemento de entrada [NR] |
Derecho civil |
| 9 (RLIN) |
12711 |
| 650 ## - ASIENTO SECUNDARIO DE MATERIA - TERMINO TEMATICO [R] |
| Término temático o nombre geográfico como elemento de entrada [NR] |
Derecho civil |
| Subdivisión de forma [R] |
Diccionarios y enciclopedias |
| Subdivisión general [R] |
Obras anteriores a 1800 |
| 9 (RLIN) |
12711 |
| 650 ## - ASIENTO SECUNDARIO DE MATERIA - TERMINO TEMATICO [R] |
| Término temático o nombre geográfico como elemento de entrada [NR] |
Derecho civil |
| Subdivisión general [R] |
Conceptos |
| Subdivisión de forma [R] |
Diccionarios y enciclopedias |
| Subdivisión general [R] |
Obras anteriores a 1800 |
| 9 (RLIN) |
12711 |
| 942 ## - ELEMENTOS DE ENTRADA AGREGADOS (KOHA) |
| Tipo de ítem principal el descrito en 300a |
Libro |
| Tema principal |
Derecho |
| Edición |
1 |
| Sistema de clasificación |
DEWEY |
| Clasificación |
340.03 |